| 000 | 02118cam a22002054a 4500 | ||
|---|---|---|---|
| 005 | 20250605163215.0 | ||
| 008 | 250528s ||||||||||||||||||||||||d | ||
| 035 | _a14483 | ||
| 020 | _a9600342229 | ||
| 040 |
_aGR-AtMCL _bgre _dGR-AtMCL _eAACR2 |
||
| 245 | 1 | _aΕρευνώντας τους Λαβύρινθους του Εγκεφάλου / Κλινική Νευροψυχολογία | |
| 250 | _a1η | ||
| 260 |
_bΚαστανιώτη, _c2006 |
||
| 300 | _a608 | ||
| 520 | _aΤο παρόν βιβλίο παρουσιάζει τα πιο πρόσφατα ευρήματα της κλινικής νευροψυχολογίας, της επιστήμης που μελετά τη σχέση ανάμεσα στον εγκέφαλο και τη συμπεριφορά και εφαρμόζει αυτή τη γνώση στις ψυχολογικές - ψυχιατρικές - νευρολογικές διαταραχές. Ευχαριστίες, Πρόλογος, Σύνδρομα Αποσύνδεσης Μεσολοβίου, Η Ψυχοπαθολογία των Συνδρόμων των Μετωπιαίων Λοβών, Εκτελεστικές Λειτουργίες, Ο Εγκεφαλικός Φλοιός και οι Νοιητικές Λειτουργίες του Εγκεφάλου, Ιππόκαμπος και Διαταραχές της Μνήμης, Η Νόσος του Αλτσχάϊμερ. Πάρκινσον και Απραξίες και Άλλες Κινητικές Διαταραχές του Κεντρικού Νευρικού Συστήματος, Αφασικά Σύνδρομα, Αγνωσία και Αντιληπτικές Διαταραχές, Αλκοόλ και Νευρικό Σύστημα και Εγκέφαλος, Η Κατάθλιψη, Η Σχιζοφρένεια, Η Επιληψία, Η Σκλήρυνση Κατά Πλάκας, Κρανιοεγκεφαλικές Κακώσεις, Διαταραχές της Έννοιας του Σώματος, Βιβλιογραφία. | ||
| 700 | 1 | _aΒαρβόγλη Λίζα | |
| 942 | _cBK | ||
| 999 |
_c112 _d112 |
||